Eastern Utah Libraries Catalog: Duchesne, Heber, Roosevelt, & Vernal

Matilda (Record no. 200472)

MARC details
000 -LEADER
fixed length control field 02954cgm a2200697Ma 4500
001 - CONTROL NUMBER
control field ocn856014272
003 - CONTROL NUMBER IDENTIFIER
control field OCoLC
005 - DATE AND TIME OF LATEST TRANSACTION
control field 20251028103514.0
007 - PHYSICAL DESCRIPTION FIXED FIELD--GENERAL INFORMATION
fixed length control field vd cvaizq
008 - FIXED-LENGTH DATA ELEMENTS--GENERAL INFORMATION
fixed length control field 050526s2005 xxu093 j vleng d
020 ## - INTERNATIONAL STANDARD BOOK NUMBER
International Standard Book Number 1404936289
020 ## - INTERNATIONAL STANDARD BOOK NUMBER
International Standard Book Number 9781404936287
024 10 - OTHER STANDARD IDENTIFIER
Standard number or code 043396013537
028 42 - PUBLISHER NUMBER
Publisher number 01353
Source Columbia TriStar Home Entertainment
035 ## - SYSTEM CONTROL NUMBER
System control number (OCoLC)856014272
040 ## - CATALOGING SOURCE
Original cataloging agency SFE
Transcribing agency SFE
Modifying agency OCLCO
-- CN5O9
-- OCLCO
-- OCLCF
-- OCL
-- OCLCO
-- UINTA
Description conventions rda
041 1# - LANGUAGE CODE
Language code of text/sound track or separate title eng
-- fre
-- spa
Language code of original and/or intermediate translations of text eng
Language code of accompanying material other than librettos eng
049 ## - LOCAL HOLDINGS (OCLC)
Holding library UCLB
050 14 - LIBRARY OF CONGRESS CALL NUMBER
Classification number PN1997
Item number .M385 2005
082 04 - DEWEY DECIMAL CLASSIFICATION NUMBER
Classification number [Fic]
Edition number 22
092 ## - LOCALLY ASSIGNED DEWEY CALL NUMBER (OCLC)
Classification number movie
Item number matilda
245 00 - TITLE STATEMENT
Title Matilda
Medium [videorecording] /
Statement of responsibility, etc directed by Danny DeVito.
246 30 - VARYING FORM OF TITLE
Title proper/short title Matilda, special edition
250 ## - EDITION STATEMENT
Edition statement Special ed.
260 ## - PUBLICATION, DISTRIBUTION, ETC. (IMPRINT)
Place of publication, distribution, etc [United States] :
Name of publisher, distributor, etc Columbia TriStar Home Entertainment,
Date of publication, distribution, etc 2005.
264 ## - Production, Publication, Distribution, Manufacture, and Copyright Notice.
Place of production, publication, distribution, manufacture [United States] :
Name of producer, publisher, distributor, manufacturer Columbia TriStar Home Entertainment,
Date of production, publication, distribution, manufacture, or copyr 2005.
300 ## - PHYSICAL DESCRIPTION
Extent 1 videodisc (93 min.) :
Other physical details sd., col. ;
Dimensions 4 3/4 in.
500 ## - GENERAL NOTE
General note Originally produced as a motion picture in 1996.
511 1# - PARTICIPANT OR PERFORMER NOTE
Participant or performer note Danny DeVito, Rhea Perlman, Embeth Davidtz, Mara Wilson.
520 ## - SUMMARY, ETC.
Summary, etc See the world from a kid's-eye view with MATILDA, a modern fairytale that mixes hilarious humor with the magical message of love. Matilda, a super-smart little girl who's woefully misunderstood by her parents, her brother, and an evil school principal. But with the help of a brave best friend and a wonderful teacher, Matilda discovers she doesn't have to get mad to get even.
521 8# - TARGET AUDIENCE NOTE
Target audience note MPAA rating: PG.
521 8# - TARGET AUDIENCE NOTE
Target audience note Rating: PG; for elements of exaggerated meanness and ridicule, and for some mild language.
538 ## - SYSTEM DETAILS NOTE
System details note DVD, region 1, full screen (1.33:1) presentation; Dolby Digital.
540 ## - TERMS GOVERNING USE AND REPRODUCTION NOTE
Terms governing use and reproduction For private home use only.
546 ## - LANGUAGE NOTE
Language note Includes French and Spanish dubbed versions and subtitles in English, French and Spanish; closed-captioned.
650 #0 - SUBJECT ADDED ENTRY--TOPICAL TERM
Topical term or geographic name as entry element Gifted children
Form subdivision Drama.
9 (RLIN) 5731593
650 #0 - SUBJECT ADDED ENTRY--TOPICAL TERM
Topical term or geographic name as entry element Teacher-student relationships
Form subdivision Drama.
9 (RLIN) 5748404
650 #0 - SUBJECT ADDED ENTRY--TOPICAL TERM
Topical term or geographic name as entry element Parent and child
Form subdivision Drama.
9 (RLIN) 5714848
650 #0 - SUBJECT ADDED ENTRY--TOPICAL TERM
Topical term or geographic name as entry element Children's films.
650 #7 - SUBJECT ADDED ENTRY--TOPICAL TERM
Topical term or geographic name as entry element Children's films.
Source of heading or term fast
650 #7 - SUBJECT ADDED ENTRY--TOPICAL TERM
Topical term or geographic name as entry element Gifted children.
Source of heading or term fast
650 #7 - SUBJECT ADDED ENTRY--TOPICAL TERM
Topical term or geographic name as entry element Parent and child.
Source of heading or term fast
650 #7 - SUBJECT ADDED ENTRY--TOPICAL TERM
Topical term or geographic name as entry element Teacher-student relationships.
Source of heading or term fast
655 #7 - INDEX TERM--GENRE/FORM
Genre/form data or focus term Comedy films.
Source of term fast
655 #7 - INDEX TERM--GENRE/FORM
Genre/form data or focus term Comedy films.
Source of term lcgft
655 #7 - INDEX TERM--GENRE/FORM
Genre/form data or focus term Drama.
Source of term fast
655 #7 - INDEX TERM--GENRE/FORM
Genre/form data or focus term children's films.
Source of term aat
655 #7 - INDEX TERM--GENRE/FORM
Genre/form data or focus term Juvenile works
Source of term fast
9 (RLIN) 5673941
655 #7 - INDEX TERM--GENRE/FORM
Genre/form data or focus term Video recordings for the hearing impaired
Source of term fast
700 1# - ADDED ENTRY--PERSONAL NAME
Personal name DeVito, Danny.
9 (RLIN) 26005
700 1# - ADDED ENTRY--PERSONAL NAME
Personal name Perlman, Rhea.
9 (RLIN) 70665
700 1# - ADDED ENTRY--PERSONAL NAME
Personal name Davidtz, Embeth,
Dates associated with a name 1966-
9 (RLIN) 62922
700 1# - ADDED ENTRY--PERSONAL NAME
Personal name Wilson, Mara.
9 (RLIN) 63357
700 1# - ADDED ENTRY--PERSONAL NAME
Personal name Kazan, Nicholas.
9 (RLIN) 22344
700 1# - ADDED ENTRY--PERSONAL NAME
Personal name Swicord, Robin.
9 (RLIN) 21742
700 1# - ADDED ENTRY--PERSONAL NAME
Personal name Dahl, Roald.
Title of a work Matilda.
9 (RLIN) 5769037
710 2# - ADDED ENTRY--CORPORATE NAME
Corporate name or jurisdiction name as entry element Tri-Star Pictures.
9 (RLIN) 36498
710 2# - ADDED ENTRY--CORPORATE NAME
Corporate name or jurisdiction name as entry element Jersey Films.
9 (RLIN) 62128
730 0# - ADDED ENTRY--UNIFORM TITLE
Uniform title Matilda (Motion picture)
9 (RLIN) 5829460
942 ## - ADDED ENTRY ELEMENTS (KOHA)
Source of classification or shelving scheme Dewey Decimal Classification
Koha item type DVD
Holdings
Withdrawn status Lost status Source of classification or shelving scheme Materials specified (bound volume or other part) Damaged status Not for loan Collection code Home library Current library Shelving location Date acquired Source of acquisition Total Checkouts Total Renewals Full call number Barcode Checked out Date last seen Date checked out Cost, replacement price Price effective from Koha item type
    Dewey Decimal Classification 1 blu-ray, 1 dvd     Movies Wasatch County Library Wasatch County Library Audio Visual Area 07/30/2024 Amazon 6 7 Movie Matilda 34301002125112 03/17/2026 03/02/2026 03/02/2026 9.99 07/30/2024 Blu-ray/DVD
This project was made possible through a grant from the Institute of Museum and Library Service administered by the Utah State Library Division.

Wasatch County Library

  • 465 East 1200 South, Heber City, Utah 84032
  • Phone 435-654-1511 | Fax 435-654-6456

Hours

  • Monday - Friday 9:30 AM - 8:00 PM
  • Saturday 9:30 AM - 1:30 PM
  • Closed Sundays and Holidays